Atlas linguarum Europae (ALE) : introduction
Αποθηκεύτηκε σε:
| Άλλοι συγγραφείς: | |
|---|---|
| Μορφή: | Βιβλίο |
| Γλώσσα: | English |
| Δημοσίευση: |
Assen :
Van Gorcum,
1975
|
| Θέματα: | |
| Ετικέτες: |
Προσθήκη ετικέτας
Δεν υπάρχουν, Καταχωρήστε ετικέτα πρώτοι!
|
MARC
| LEADER | 00000cam a2200000 i 4500 | ||
|---|---|---|---|
| 001 | 1/104090 | ||
| 008 | 950529s1975 eng d | ||
| 020 | |a 90-232-1299-1 | ||
| 035 | |l 10013135 | ||
| 040 | |a GR-MY-UA |b gre |e aacr | ||
| 041 | 0 | |a eng | |
| 082 | 0 | |a 400.094 | |
| 245 | 1 | 0 | |a Atlas linguarum Europae (ALE) : |b introduction / |c Sous la redaction de/Under the editorship of A. Weijnen...[et al.] |
| 246 | 3 | 3 | |a ALE |
| 260 | |a Assen : |b Van Gorcum, |c 1975 | ||
| 300 | |a 247 p.; |c 24 cm | ||
| 504 | |a Includes bibliographical references | ||
| 650 | 0 | 0 | |a Linguistic geography. |
| 651 | 0 | |a Europe |x Languages. | |
| 700 | 1 | |a Weijnen, Antonius Angelus. |4 edt | |
| 852 | |a INST |b LESVOS |e 19950529 |h 400.094 ATL |p 005100000481 |q 005100000481 |t BK |y 0 | ||
| 909 | |a Λ |b 027639 | ||